Герои Украины - Армагеддон - Statistics

General Stats
  • This quiz has been taken 37 times
  • The average score is 3 of 12
Answers on the Grid
Answers color-coded by a green-red scale on the quiz's grid according to % correct below.
Владимир Зеленский
Андрей Ермак
Сергей Стерненко
Кузьма Скрябин
Василий Малюк
Пётр Вескляров
Леся Украинка
Виктор Кравченко
Павел Скоропадский
Евгений Коновалец
Дмитрий Кулеба
Леонид Кравчук
Дмитрий Ярош
Леонид Кучма
Виктор Ющенко
Кирилл Буданов
Симон Петлюра
Тарас Шевченко
Олесь Бузина
Александр Довженко
Роберт Бровди
Пётр Порошенко
Олег Ляшко
Андрей Билецкий
Сергей Параджанов
Николай Амосов
Андрей Данилко
Валерий Залужный
Александр Сырский
Степан Бандера
Нестор Махно
Григорий Сковорода
Виталий Кличко
Юлия Паевская
Владимир Рафеенко
Роман Шухевич
Владимир Золкин
Святослав Вакарчук
Илья Новиков
Олег Скрипка
Евгений Комаровский
Олег Тягнибок
Надежда Савченко
Валерьян Пидмогыльный
Дмитрий Гордон
Богдан Ступка
Алексей Гончаренко
Юлия Тимошенко
Александр Музычко
Игорь Коломойский
 
Answer Stats
Answer % Correct
Кузьма Скрябин
53%
Василий Малюк
35%
Валерий Залужный
29%
Степан Бандера
29%
Леонид Кравчук
24%
Александр Сырский
18%
Надежда Савченко
18%
Богдан Ступка
18%
Кирилл Буданов
12%
Роман Шухевич
12%
Роберт Бровди
6%
Виталий Кличко
6%
No matching quizzes found
Score Distribution
Percent of People with Each Score
Percentile by Number Answered
Your Score History
You have not taken this quiz